000 01040cam a2200265 i 4500
003 SA-RiAUC
005 20251102140444.0
008 251027s1964 su g l f000 0 ara c
040 _aSA-JeALM
_bara
_cSA-RiAUC
_erda
043 _aa-su---
082 0 4 _a342.531082
090 _a342.531082
_bس ع و
110 1 _aالسعودية
_eمؤلف.
240 1 0 _aنظام الجوازات السفرية (1358 هـ)
245 1 0 _aنظام الجوازات السفرية برقم 17 / 3 / 2 وتاريخ 19 / 1 / 1358 هـ /
_cوزارة الداخلية.
264 1 _aالرياض :
_bمطبعة الحكومة،
_c1963
300 _a12 صفحة؛
_c24 سم.
336 _aنص
_btxt
_2rdacontent
_3كتاب
337 _aبدون وسيط
_bn
_2rdamedia
338 _aمجلد
_bnc
_2rdacarrier
650 7 _aجوازات السفر
_xقوانين وتشريعات
_zالسعودية
_2aucsh
710 1 _aالسعودية.
_bوزارة الداخلية
_eمؤلف.
942 _2ddc
_cBOOK
_n0
949 _aSA-JeALM
_d251027
_umohamedma123
_n1
999 _c12947
_d12947